5HLuxD.jpg

KING HENRY VIII SENIOR AND PRIMARY SCHOOL LIBRARY OPAC

Starman / (Record no. 3418)

000 -LEADER
fixed length control field 01191cam a2200349 a 4500
001 - CONTROL NUMBER
control field 15815404
003 - CONTROL NUMBER IDENTIFIER
control field OSt
005 - DATE AND TIME OF LATEST TRANSACTION
control field 20240105102949.0
008 - FIXED-LENGTH DATA ELEMENTS--GENERAL INFORMATION
fixed length control field 090713r20082002enka 000 1 eng d
010 ## - LIBRARY OF CONGRESS CONTROL NUMBER
LC control number 2009464400
020 ## - INTERNATIONAL STANDARD BOOK NUMBER
International Standard Book Number 9780194234276 (pbk.)
020 ## - INTERNATIONAL STANDARD BOOK NUMBER
International Standard Book Number 0194234274 (pbk.)
035 ## - SYSTEM CONTROL NUMBER
System control number (OCoLC)ocn276168441
040 ## - CATALOGING SOURCE
Original cataloging agency JE5
Transcribing agency JE5
Modifying agency DLC
-- KH8
042 ## - AUTHENTICATION CODE
Authentication code lccopycat
043 ## - GEOGRAPHIC AREA CODE
Geographic area code at------
082 00 - DEWEY DECIMAL CLASSIFICATION NUMBER
Classification number 428.6 BUR
Edition number 22
100 1# - MAIN ENTRY--PERSONAL NAME
Personal name Burrows, Phillip,
Relator term author.
245 10 - TITLE STATEMENT
Title Starman /
Statement of responsibility, etc. Phillip Burrows and Mark Foster.
260 ## - PUBLICATION, DISTRIBUTION, ETC.
Place of publication, distribution, etc. Oxford ;
-- New York :
Name of publisher, distributor, etc. Oxford University Press,
Date of publication, distribution, etc. c2008.
300 ## - PHYSICAL DESCRIPTION
Extent 40 p. :
Other physical details col. ill. ;
Dimensions 20 cm.
490 0# - SERIES STATEMENT
Series statement Oxford Bookworms Library ; Starter, Fantasy & Horror
500 ## - GENERAL NOTE
General note "First published in Oxford Bookworms, 2002"--T.p. verso.
650 #0 - SUBJECT ADDED ENTRY--TOPICAL TERM
Topical term or geographic name entry element Readers (Adult)
650 #0 - SUBJECT ADDED ENTRY--TOPICAL TERM
Topical term or geographic name entry element English language
Form subdivision Textbooks for foreign speakers.
650 #0 - SUBJECT ADDED ENTRY--TOPICAL TERM
Topical term or geographic name entry element Reading comprehension
Form subdivision Problems, exercises, etc.
651 #0 - SUBJECT ADDED ENTRY--GEOGRAPHIC NAME
Geographic name Australia
Form subdivision Fiction.
655 #7 - INDEX TERM--GENRE/FORM
Genre/form data or focus term Fantasy fiction.
Source of term gsafd
700 1# - ADDED ENTRY--PERSONAL NAME
Personal name Foster, Mark
Titles and other words associated with a name (Mark Richard),
Dates associated with a name 1961-
Relator term author.
942 ## - ADDED ENTRY ELEMENTS (KOHA)
Source of classification or shelving scheme
Koha item type Teaching Resources
Holdings
Withdrawn status Lost status Source of classification or shelving scheme Damaged status Not for loan Collection code Permanent Location Current Location Shelving location Date acquired Total Checkouts Full call number Barcode Date due Date last seen Date last checked out Price effective from Koha item type
          Teaching Resources KH8 Senior School Library KH8 Senior School Library Staff Office 2024-01-05 1 428.6 BUR TRKHSL005194 2025-07-04 2024-11-08 2024-11-08 2024-01-05 Teaching Resources

Powered By KH8 IT Dept